Your successful preschooler (Record no. 71658)

000 -LEADER
fixed length control field 00730nam a22001937a 4500
003 - CONTROL NUMBER IDENTIFIER
control field NUST - PNEC
005 - DATE AND TIME OF LATEST TRANSACTION
control field 20170116181206.0
008 - FIXED-LENGTH DATA ELEMENTS--GENERAL INFORMATION
fixed length control field 161122b xxu||||| |||| 00| 0 eng d
020 ## - INTERNATIONAL STANDARD BOOK NUMBER
International Standard Book Number 9780470498989
040 ## - CATALOGING SOURCE
Transcribing agency PNEC
082 ## - DEWEY DECIMAL CLASSIFICATION NUMBER
Edition number 2011
Classification number 649.68 DEN
100 ## - MAIN ENTRY--PERSONAL NAME
9 (RLIN) 16866
Personal name Densmore, Ann E
245 ## - TITLE STATEMENT
Title Your successful preschooler
Remainder of title Ten skills children need to become confident and socially engaged
Statement of responsibility, etc. Ann E. Densmore
260 ## - PUBLICATION, DISTRIBUTION, ETC.
Place of publication, distribution, etc. San Francisco
Name of publisher, distributor, etc. Jossey-Bass
Date of publication, distribution, etc. c.2011
300 ## - PHYSICAL DESCRIPTION
Extent 270p:
Other physical details ill
Dimensions 23 cm
500 ## - GENERAL NOTE
General note https://www.amazon.com/Your-Successful-Preschooler-Children-Confident/dp/0470498986/ref=sr_1_1?ie=UTF8&qid=1479794025&sr=8-1&keywords=9780470498989
650 ## - SUBJECT ADDED ENTRY--TOPICAL TERM
General subdivision Social skills in children
942 ## - ADDED ENTRY ELEMENTS (KOHA)
Source of classification or shelving scheme
Koha item type Book
Holdings
Withdrawn status Lost status Source of classification or shelving scheme Damaged status Not for loan Permanent Location Current Location Shelving location Date acquired Total Checkouts Full call number Barcode Date last seen Price effective from Koha item type
          Pakistan Navy Engineering College (PNEC) Pakistan Navy Engineering College (PNEC)   11/16/2016   649.68 DEN PNECLIB-032711 11/22/2016   Book
© 2023 Central Library, National University of Sciences and Technology. All Rights Reserved.